000 00763nam a2200289Ia 4500
003 OSt
005 20221006145810.0
006 a|||||r|||| 00| 0
007 ta
008 221006b |||||||| |||| 00| 0 eng d
020 _c£6.95 (each)
024 _a15,972
037 _cTextual
040 _aEASL
_cEASL
_beng
041 _2eng
_aeng
082 _aV41.N7, L6
100 _aHAN Suyin
_9654111
245 0 _aWind in the tower
_b Mao and the Chinese revolution 1949-75
260 _aLondon
_bJonathan Cape
_c1976
300 _a404p.
_ccm.
490 _v RS
650 _a CEL
650 _a Cultural Revolution
650 _aGreat Leap Forward
_9650391
942 _hV41.N7, L6
_cTEXL
_2CC
999 _c1084058
_d1084058